000 00858nam a2200253Ia 4500
003 OSt
005 20220925222312.0
006 a|||||r|||| 00| 0
007 ta
008 220923b |||||||| |||| 00| 0 eng d
020 _a0230004911
_c3896.1500000000001
037 _b519/PBD/07-08, 27/11/2007, PIONEER BOOK DISTRIBUTORS
_cGeneral Book
040 _aRTL
_cRTL
_beng
041 _2eng
_aeng
082 _aX:75.2.N1, P7
100 _aMisra Biswa Swarup
_9287495
245 0 _aRegional growth dynamics in India in the post-economic reform period
260 _aLondon
_bPalgrave Macmillan
_c2007
300 _axxi, 270p
_ccm.
500 _aBibliography P 233-46
650 _aCommerce
942 _hX:75.2.N1, P7
_cGB
_2CC
999 _c576626
_d576626